000 00199 a2200097 4500
020 _a087577917603
041 _aspa
100 _aFrench,vivian
245 _aojala fuera un extraterrestre
942 _cBK
999 _c11413
_d11413